Ο βασιλιάς
Ο 35χρονος Βαγγέλης μόλις αποφυλακίζεται, εγκαταλείπει την Αθήνα και την εμπλοκή του με τον κόσμο των ναρκωτικών και επιστρέφει στο πατρικό του σπίτι σε ένα χωριό της Πελοποννήσου. Συναντά όμως την ξενοφοβία των συγχωριανών του οι οποίοι εμποδίζουν το νέο του ξεκίνημα....
Αποθηκεύτηκε σε:
| Άλλοι συγγραφείς: | , , , , |
|---|---|
| Μορφή: | |
| Γλώσσα: | Greek English |
| Δημοσίευση: |
Αθήνα :
Prooptiki [εταιρεία διανομής],
[2002]
|
| Θέματα: | |
| Ετικέτες: |
Προσθήκη ετικέτας
Δεν υπάρχουν, Καταχωρήστε ετικέτα πρώτοι!
|
MARC
| LEADER | 00000cgm a2200000 i 4500 | ||
|---|---|---|---|
| 001 | 1/51764 | ||
| 008 | 140718s2002 gr ||| | || ||gre|| | ||
| 035 | |l 10118386 | ||
| 040 | |a GR-MyUa |b gre |e AACR2 | ||
| 041 | 0 | |a gre |j eng | |
| 082 | 7 | |a 791.437 |2 (22) | |
| 245 | 0 | 2 | |a Ο βασιλιάς |h [μαγνητοσκόπηση] / |c σκηνοθεσία Νίκος Γραμματικός. |
| 260 | |a Αθήνα : |b Prooptiki [εταιρεία διανομής], |c [2002] | ||
| 300 | |a 1 βιντεοδίσκος (132 λεπτ.) : |b ομίλ., έγχρ. ; |c 4 3/4 ίν. | ||
| 500 | |a Κυκλοφόρησε πρώτη φορά ως κινηματογραφική ταινία το 2002. | ||
| 508 | |a Σενάριο, Νίκος Παναγιωτόπουλος, Νίκος Γραμματικός ; παραγωγός, Λιλέτ Μποτάση ; διεύθυνση φωτογραφίας, Γιάννης Δασκαλοθανάσης ; μοντάζ, Γιάννης Σακαρίδης ; μουσική, Θανάσης Παπακωνσταντίνου. | ||
| 511 | 0 | |a Βαγγέλης Μουρίκης, Μαριλίτα Λαμπορπούλου, Μηνάς Χατζησάββας, Γιάννης Ζουγανέλης. | |
| 520 | 8 | |a Ο 35χρονος Βαγγέλης μόλις αποφυλακίζεται, εγκαταλείπει την Αθήνα και την εμπλοκή του με τον κόσμο των ναρκωτικών και επιστρέφει στο πατρικό του σπίτι σε ένα χωριό της Πελοποννήσου. Συναντά όμως την ξενοφοβία των συγχωριανών του οι οποίοι εμποδίζουν το νέο του ξεκίνημα. | |
| 586 | 8 | |a Χρυσή Πυραμίδα, Βραβείο Καλύτερης Ταινίας, 27ο Φεστιβάλ Καΐρου, 2002 | |
| 586 | 8 | |a 4 Βραβεία, Φεστιβάλ Θεσσαλονίκης, 2002 | |
| 650 | 0 | |a Xenophobia |v Drama. | |
| 655 | 7 | |a Feature films |2 lcgft | |
| 700 | 1 | |a Γραμματικός, Νίκος, |e drt | |
| 700 | 1 | |a Μουρίκης, Βαγγέλης, |e act | |
| 700 | 1 | |a Λαμπροπούλου, Μαριλίτα, |e act | |
| 700 | 1 | |a Χατζησάββας, Μηνάς, |d 1948-2015, |e act | |
| 700 | 1 | |a Ζουγανέλης, Γιάννης, |e act | |
| 852 | |a INST |b SYROS |c AV |e 20140718 |h 791.437 ΓΡΑ |p 005500012580 |q 005500012580 |t DVD |y 23 | ||
| 901 | |a BIBL5-2014-2 | ||
| 922 | |a 5ΕΛΗ |b 201311 |c Βιβλιοθήκη Σύρου |d Videorama | ||
| 970 | |a Κοντού |b Παρασκευή |z 18/07/2014 | ||